Statistiken für Top 15 Länder mit Covid-19-Todesfällen - 15. Juni

Klicken Sie hier um das Quiz zu spielen!

Allgemein

  • Dieses Quiz wurde 10 mal gespielt
  • Das Durchschnittsergebnis liegt bei 15 aus 20

Antwortstatistiken

Land% Korrekt
Italien
100%
Spanien
100%
Vereinigte Staaten
100%
Brasilien
90%
Deutschland
90%
Mexiko
90%
Russland
90%
Vereinigtes Königreich
90%
Frankreich
80%
Schweiz
80%
Belgien
70%
Indien
70%
Iran
70%
Kanada
70%
Niederlande
70%
Schweden
70%
Peru
60%
Chile
50%
Irland
50%
Ecuador
40%

Verteilung der Resultate

Perzentil nach korrekt beantworteten Fragen

Anzahl Personen mit jedem Resultat

Ihre Resultats-Entwicklung

Sie haben dieses Quiz noch nicht gespielt